| 000 | 02436nam a22001937a 4500 | ||
|---|---|---|---|
| 005 | 20260202150642.0 | ||
| 008 | 260127b ||||| |||| 00| 0 eng d | ||
| 040 | _cSSBUL | ||
| 082 |
_223 _bT-5 Ph.D |
||
| 100 | 1 | 0 |
_aThant zin _d4 PhD-Hist-4 _965794 |
| 245 | 1 | 0 |
_aHistory of Shwebo Township (1948-1958) / _cThant Zin _hEnglish |
| 260 |
_aMandalay : _bUniversity of Mandalay, _c2012 |
||
| 300 |
_axix, 161 pages; _c30 cm. |
||
| 502 |
_aThe History of Shwebo Township (1948-1958) is an attempt by the doctoral candidate to present the prevailing situation of Shwebo immediately after Independence in 4th January 1948 ; the reconstruction, change and development in the ensuing decade in the climate of govemence as an independent nation just liberated from a century of British colonial rule in Myanmar. Shwebo is in fact a microcosm of the nation, and all happenings in the macro world reflects Shwebo in all aspects of the panornama. The dissertation presented an analysis of ten years of experimentation of the newly framed Constitution under supremacy of the people' mandate, and representative parliamentary democratic sychoice system formed by the political parties entrusted by electors through people 's choice by casting their ballot of right of determination in the electoral system to give the majority power to run the government. In retrospect Shwebo was chosen because it was the seat of power of the last Konbaung Dynasty founded by U Aung Zeya, King Alaungmintaya. This historical background provided an introduction to the sectors meriting discussion and analysis such as the political situation where partisan politics dominate the will of the people, and the catastrophic insurgency that stunted all efforts of reconstruction and development. The economic conditions discussed on the state of the Shwebo ecnomy, production and sale of paddy as social structure, education religion and religious festivals, Thingyan revelries and the popular witty slogans etc. The dissertation concludes with the reviews and critical summary on the entire dissertation. _bPhD _cUniversity of Mandalay _d2012 |
||
| 504 | _aincludes Bibliography, Maps | ||
| 505 |
_aContents
Introduction
Chapters
1. Historical Background
2. Political Situations
3. Economic Conditions
4. Social Conditions
Conclusion _rThant Zin _tHistory of Shwebo Township (1948-1958) |
||
| 650 |
_aShwebo-Myanamar _965795 _xHistory _y(1948-1958) |
||
| 942 |
_2ddc _cREF |
||
| 999 |
_c47329 _d47329 |
||